La lechuga
Saved in:
| Hovedforfatter: | |
|---|---|
| Format: | Bog |
| Sprog: | spansk |
| Udgivet: |
Buenos Aires
Hemisferio
1978
|
| Fag: | |
| Tags: |
Tilføj Tag
Ingen Tags, Vær først til at tagge denne postø!
|
MARC
| LEADER | 00000nam a2200000 a 4500 | ||
|---|---|---|---|
| 001 | UCR5116 | ||
| 003 | CL-VaPUC | ||
| 008 | 980320e19780000AG |||||||||||||||||spa|d | ||
| 082 | 0 | 4 | |a 635.52 |b MAL |2 21 |
| 100 | |a Mallar, Ana |e autora |9 405847 | ||
| 245 | 1 | 3 | |a La lechuga |
| 300 | |a 61 p | ||
| 942 | |c BK | ||
| 945 | |d 19980320 00:00:00 |a rleighto | ||
| 260 | |a Buenos Aires |b Hemisferio |c 1978 | ||
| 650 | 0 | |a Hortalizas |9 259501 | |
| 650 | 0 | |a Lechugas |9 405848 | |
| 650 | 0 | |a Valor nutritivo |9 790845 | |
| 650 | 0 | |a Medio ambiente |9 257625 | |
| 650 | 0 | |a Clima |9 265281 | |
| 650 | 7 | |a SUELO |2 CL-VaPUC |9 348469 | |
| 650 | 0 | |a Fertilización |9 259681 | |
| 650 | 7 | |a PREPARACION DE SUELOS |2 CL-VaPUC |9 401602 | |
| 650 | 0 | |a Siembra |9 360167 | |
| 650 | 0 | |a Germinación |9 316434 | |
| 650 | 0 | |a Crecimiento vegetal |9 359570 | |
| 650 | 0 | |a Riego |9 259685 | |
| 650 | 0 | |a Sistemas de riego |9 362150 | |
| 650 | 0 | |a Cultivo |9 264268 | |
| 650 | 0 | |a Enfermedades de las plantas |9 259687 | |
| 650 | 7 | |a PLAGAS |2 CL-VaPUC |9 264624 | |
| 583 | |a last modification |c 19980320 00:00:00 |k Rodrigo Vera | ||
| 999 | |c 267845 |d 267843 | ||
| 952 | |0 0 |1 0 |4 0 |6 635_520000000000000_MAL_1978 |7 0 |8 A |9 300583 |a BIBAGR |b BIBAGR |d 2019-11-20 |i 3400158 |o 635.52 MAL 1978 |p 3400158 |r 2025-01-20 |w 2019-11-20 |y BK |k AGR | ||